[Event "GER CM02-A email"]
[Site "GER email"]
[Date "2015.06.25"]
[Round "?"]
[White "Baranowski, Tadeusz"]
[Black "Petrov, Milen Stoyanov"]
[Result "1/2-1/2"]
[WhiteElo "2371"]
[BlackElo "2392"]
[PlyCount "84"]
[EventDate "2015.??.??"]
[EventType "tourn (corr)"]
[EventRounds "11"]
[EventCountry "GER"]
[SourceTitle "Corr 2017"]
[Source "ChessBase"]
[SourceDate "2017.09.19"]
[SourceVersion "1"]
[SourceVersionDate "2017.09.19"]
[SourceQuality "1"]

1. e4 e6 2. d4 d5 3. Nd2 Nf6 4. e5 Nfd7 5. Bd3 c5 6. c3 Nc6 7. Ne2 cxd4 8. cxd4 f6 9. exf6 Nxf6 10. 0-0 Bd6 11. Nf3 Qc7 12. h3 0-0 13. Be3 Bd7 14. Re1 Be8 15. Ng5 Bf7 16. Qc2 h6 17. Nxf7 Qxf7 18. Bg6 Qd7 19. Rac1 Ne7 20. Bd3 Nf5 21. Bf4 Rac8 22. Qd2 Rxc1 23. Qxc1 Ne4 24. Bxd6 Nexd6 25. Qf4 g5 26. Qg4 Qf7 27. Ng3 Ng7 28. Qe2 Qf6 29. Rd1 Rf7 30. b3 b6 31. a4 Ndf5 32. Bxf5 Nxf5 33. Nh5 Qg6 34. b4 Ng7 35. Nxg7 Kxg7 36. b5 Qe4 37. Qxe4 dxe4 38. Rc1 Rd7 39. Rc4 Kf6 40. Kf1 Kf5 41. Ke1 h5 42. Ke2 e5 1/2-1/2

[Event "GER CM02-A email"]
[Site "GER email"]
[Date "2015.06.25"]
[Round "?"]
[White "Petrov, Milen Stoyanov"]
[Black "Eschert, Uwe"]
[Result "1/2-1/2"]
[WhiteElo "2392"]
[BlackElo "2313"]
[PlyCount "68"]
[EventDate "2015.??.??"]
[EventType "tourn (corr)"]
[EventRounds "11"]
[EventCountry "GER"]
[SourceTitle "Corr 2017"]
[Source "ChessBase"]
[SourceDate "2017.09.19"]
[SourceVersion "1"]
[SourceVersionDate "2017.09.19"]
[SourceQuality "1"]

1. d4 Nf6 2. c4 g6 3. Nc3 d5 4. cxd5 Nxd5 5. e4 Nxc3 6. bxc3 Bg7 7. Nf3 c5 8. Rb1 0-0 9. Be2 Nc6 10. d5 Ne5 11. Nxe5 Bxe5 12. Qd2 e6 13. f4 Bg7 14. c4 Re8 15. e5 f6 16. d6 fxe5 17. Bb2 exf4 18. Bxg7 Kxg7 19. 0-0 Rf8 20. Rxf4 Rxf4 21. Qxf4 Qf6 22. Qd2 b6 23. d7 Bb7 24. Rf1 Qd4+ 25. Qxd4+ cxd4 26. Bg4 d3 27. Bxe6 d2 28. Rd1 Rd8 29. Rxd2 Kf6 30. Bh3 Ke7 31. Kf2 Bc6 32. Re2+ Kf7 33. Kg3 Bxd7 34. Rd2 Ke7 1/2-1/2

[Event "GER M03-A email"]
[Site "GER email"]
[Date "2014.06.01"]
[Round "?"]
[White "Mary, Patrick"]
[Black "Petrov, Milen Stoyanov"]
[Result "0-1"]
[WhiteElo "2384"]
[BlackElo "2365"]
[PlyCount "76"]
[EventDate "2014.??.??"]
[EventType "tourn (corr)"]
[EventRounds "14"]
[EventCountry "GER"]
[SourceTitle "Corr 2017"]
[Source "ChessBase"]
[SourceDate "2017.09.19"]
[SourceVersion "1"]
[SourceVersionDate "2017.09.19"]
[SourceQuality "1"]

1. d4 Nf6 2. Nf3 g6 3. c4 Bg7 4. Nc3 d5 5. Bg5 Ne4 6. Bf4 Nxc3 7. bxc3 dxc4 8. e4 b5 9. a4 c6 10. Be2 0-0 11. 0-0 a6 12. Qc1 Bg4 13. axb5 cxb5 14. Be3 e5 15. d5 Nd7 16. h3 Bxf3 17. Bxf3 Qc7 18. h4 h5 19. Qc2 Nc5 20. Rfd1 Nb3 21. Ra2 Qd6 22. Qe2 Kh7 23. g4 hxg4 24. Bxg4 Bh6 25. h5 Rg8 26. hxg6+ Rxg6 27. Kf1 Bxe3 28. Qxe3 Rh6 29. Ke2 a5 30. Bf5+ Kh8 31. Be6 Rh7 32. Bf5 Rh5 33. Rc2 a4 34. Qf3 Rh6 35. Qe3 Rg8 36. Rf1 Rh2 37. Kd1 Qe7 38. f3 Qh4 0-1

[Event "GER M03-A email"]
[Site "GER email"]
[Date "2014.06.01"]
[Round "?"]
[White "Petrov, Milen Stoyanov"]
[Black "Kloster, Josef"]
[Result "1/2-1/2"]
[WhiteElo "2365"]
[BlackElo "2399"]
[PlyCount "49"]
[EventDate "2014.??.??"]
[EventType "tourn (corr)"]
[EventRounds "14"]
[EventCountry "GER"]
[SourceTitle "Corr 2017"]
[Source "ChessBase"]
[SourceDate "2017.09.19"]
[SourceVersion "1"]
[SourceVersionDate "2017.09.19"]
[SourceQuality "1"]

1. d4 Nf6 2. c4 e6 3. g3 d5 4. Nf3 dxc4 5. Bg2 a6 6. 0-0 Nc6 7. Bg5 h6 8. Bxf6 Qxf6 9. Nc3 Rb8 10. e3 b5 11. a4 Bd6 12. axb5 axb5 13. b3 cxb3 14. Qxb3 Bd7 15. Nxb5 0-0 16. Qc4 Nb4 17. Nc3 Rfc8 18. Rfc1 Qd8 19. Ne5 Be8 20. Bc6 Bxe5 21. Bxe8 Qxe8 22. dxe5 Qd7 23. Rd1 Qc6 24. Qxc6 Nxc6 25. f4 1/2-1/2

[Event "GER M03-A email"]
[Site "GER email"]
[Date "2014.06.01"]
[Round "?"]
[White "Petrov, Milen Stoyanov"]
[Black "Tesic, Zdravko"]
[Result "1/2-1/2"]
[WhiteElo "2365"]
[BlackElo "2411"]
[PlyCount "68"]
[EventDate "2014.??.??"]
[EventType "tourn (corr)"]
[EventRounds "14"]
[EventCountry "GER"]
[SourceTitle "Corr 2017"]
[Source "ChessBase"]
[SourceDate "2017.09.19"]
[SourceVersion "1"]
[SourceVersionDate "2017.09.19"]
[SourceQuality "1"]

1. d4 Nf6 2. c4 g6 3. Nc3 Bg7 4. e4 d6 5. Be2 e5 6. Nf3 0-0 7. 0-0 Nc6 8. d5 Ne7 9. b4 Ne8 10. Nd2 f5 11. c5 Nf6 12. f3 f4 13. Nc4 g5 14. a4 Ng6 15. Ba3 Rf7 16. b5 dxc5 17. Bxc5 Bf8 18. Bf2 h5 19. b6 axb6 20. Nb5 Bd7 21. Qb3 Bxb5 22. Qxb5 Qd7 23. Qxd7 Rxd7 24. Rfb1 Ne8 25. a5 bxa5 26. Rxa5 Rxa5 27. Nxa5 b6 28. Nc6 Bd6 29. Ra1 Nf6 30. Ra8+ Kg7 31. Na7 g4 32. Nb5 h4 33. Ra7 Kh6 34. h3 g3 1/2-1/2